000 00648cam a22002173a 4500
001 38572
003 PGUSA
005 20140828083842.0
008 120114s2012||||xxu|||||s|||||000 | eng d
040 _aPGUSA
_beng
042 _adc
100 1 _aKiser, Samuel Ellsworth
245 1 0 _aLove Sonnets of an Office Boy
_h[electronic resource] /
_cSamuel Ellsworth Kiser
260 _bProject Gutenberg,
_c2012
506 _aPublic domain in the USA.
516 _aElectronic text
700 1 _aMcCutcheon, John T.
_q(John Tinney),
_d1870-1949
830 0 _aProject Gutenberg
_v38572
856 4 0 _uhttp://www.gutenberg.org/ebooks/38572
942 _cEB
999 _c267826
_d267826